New York Giants All-Time Team - Statistics

General Stats
  • This quiz has been taken 186 times
  • The average score is 8 of 29
Answer Stats
Hint Answer % Correct
QB Eli Manning
100%
RB Tiki Barber
88%
OLB Lawrence Taylor
81%
WR1 Odell Beckham Jr.
75%
DE Michael Strahan
67%
WR2 Amani Toomer
58%
Coach Bill Parcells
45%
WR3 Plaxico Burress
43%
TE Mark Bavaro
35%
OLB Harry Carson
32%
FB Saquon Barkley
30%
RG Chris Snee
25%
CB3 Corey Webster
21%
FS Emlen Tunnell
18%
PR Emlen Tunnell
18%
RT Rosie Brown
16%
MLB Sam Huff
14%
C Mel Hein
11%
MLB Jessie Armstead
9%
DE Andy Robustelli
7%
P Sean Landeta
6%
LT Jumbo Elliott
5%
K Pete Gogolak
3%
DT Rosey Grier
3%
CB2 Dick Lynch
2%
CB1 Erich Barnes
2%
SS Jimmy Patton
2%
LG Jack Stroud
1%
KR Brian Witherspoon
0%
No matching quizzes found
Score Distribution
Percent of People with Each Score
Percentile by Number Answered
Your Score History
You have not taken this quiz